Iglesias de madera: Cautín Llanquihue 1850-1919
Պահպանված է:
| Հիմնական հեղինակ: | |
|---|---|
| Ձևաչափ: | Գիրք |
| Լեզու: | իսպաներեն |
| Հրապարակվել է: |
Santiago
Universidad Católica de Chile
1983
|
| Խորագրեր: | |
| Ցուցիչներ: |
Ավելացրեք ցուցիչ
Չկան պիտակներ, Եղեք առաջինը, ով նշում է այս գրառումը!
|
MARC
| LEADER | 00000nam a2200000 a 4500 | ||
|---|---|---|---|
| 001 | UCT0964 | ||
| 003 | CL-VaPUC | ||
| 008 | 960913e19830000CL |||||||||||||||||spa|d | ||
| 082 | 0 | 4 | |a 726.5 |b GUA |2 21 |
| 100 | |a Guarda Geywitz, Gabriel |e autor |9 570466 | ||
| 245 | 1 | 0 | |a Iglesias de madera: Cautín Llanquihue 1850-1919 |
| 300 | |a 103 p | ||
| 942 | |c BK | ||
| 945 | |d 19960913 00:00:00 |a rleighto | ||
| 260 | |a Santiago |b Universidad Católica de Chile |c 1983 | ||
| 650 | 0 | |a Iglesias |9 352850 | |
| 650 | 0 | |a Arquitectura religiosa |9 266677 | |
| 650 | 0 | |a Arte religioso |9 330545 | |
| 650 | 7 | |a CONSTRUCCIONES DE MADERA |2 CL-VaPUC |9 369592 | |
| 650 | 0 | |a Monumentos históricos |9 308710 | |
| 650 | 0 | |a Arte chileno |y Siglos 19-20 |9 369593 | |
| 651 | 7 | |a CAUTIN |2 CL-VaPUC |9 360378 | |
| 651 | 7 | |a LLANQUIHUE |2 CL-VaPUC |9 360377 | |
| 651 | 7 | |a CHILE |2 CL-VaPUC |9 369594 | |
| 583 | |a last modification |c 20160810 05:20:14 |k Rodrigo Vera | ||
| 999 | |c 251645 |d 251643 | ||
| 952 | |0 0 |1 0 |4 0 |6 726_500000000000000_GUA_1983 |7 0 |8 A |9 270960 |a BIBARQ |b BIBARQ |d 2019-11-19 |i 323083K |l 1 |o 726.5 GUA 1983 |p 323083K |r 2025-01-20 |s 2023-10-31 |w 2019-11-19 |y BK |k ARQ | ||